000 01980cam a22004454i 4500
003 PE-LiUPU
005 20250731173101.0
008 150623s r 000 0 d
035 _a(Sirsi) a24602
040 _aPE-LiUPU
_bspa
_cPE-LiUPU
_erda
100 1 _aKoranteng-Pipim, Samuel,
_eautor.
245 1 0 _aSearching the Scriptures :
_bwomen's ordination and the call to biblical fidelity /
_cSamuel Koranteng-Pipim.
264 1 _aBerrien Springs, Michigan :
_bAdventists Affirm,
_c1995.
300 _a95 páginas ;
_c21 cm.
336 _atext
_2rdacontent
337 _aunmediated
_2rdamedia
338 _avolume
_2rdacarrier
500 _aEl ej. Nº50784 en PG .
505 0 _aMeaning of church authority nd ordination. - Crucial issues on women's ordination. - Biblical authority and interpretation. - Theological obstacles to wome's ordination. - Biblical obstacles to women's ordination. - A forbidden issue: Testless eves or reckless adams?. - Implications for the church.
526 _aSEG42
526 _aSEG41
526 _aSEG40
526 _aSEG39
526 _aP94
526 _aP87
526 _aP86
526 _aP85
526 _aP77
526 _aP76
526 _aP35
650 0 4 _aOrdenación de la mujer.
942 _2ddc
_cBOOK
949 _a266.673 K76
_wDEWEY
_c1
_i48939
_lCCODEBUL1
_mBUL
_p00.00
_r0
_sY
_tBOOK
_u2015-06-24
_xBIBLIOTECA
_zUNKNOWN
_0COMPRA
_o.STAFF. Colección General
949 _a266.673 K76
_wDEWEY
_c2
_i50784
_lCCODEBUL1
_mBUL
_p00.00
_r0
_sY
_tBOOK
_u2015-06-24
_xTEOLOGIA
_PP35
_0COMPRA
_o.STAFF. Colección General
596 _a1
999 _a266.673 K76
_wDEWEY
_c28101
_i48939
_f2021-11-10
_g5
_lCCODEBUL1
_mBUL
_r0
_sY
_tBOOK
_u2015-6-24
_xTEOLOGIA
_zUNKNOWN
_0COMPRA
_o.STAFF. Colección General
_d28101
999 _a266.673 K76
_wDEWEY
_c2
_i50784
_f2021-11-10
_g5
_lCCODEBUL1
_mBUL
_r0
_sY
_tBOOK
_u2015-6-24
_xTEOLOGIA
_PP35
_0COMPRA
_o.STAFF. Colección General
980 _81
_gALBERTO SANCHEZ Responsable de Automatización